| 000 | 00541cam a22001577i 4500 | ||
|---|---|---|---|
| 020 | _a9780323917728 | ||
| 082 | 0 | 4 |
_a621.3822 _223 |
| 245 | 0 | 0 |
_aSignal processing and machine learning theory / _cedited by Paulo S. R. Diniz |
| 260 |
_aLondon : _bAcademic Press, _cc.2024 |
||
| 300 |
_al, 11184p. ; _bill. ; |
||
| 490 | 1 | _aAcademic Press library in signal processing ; | |
| 504 | _aIncludes bibliographical references (p. 1151-1159) and index. | ||
| 650 | 0 | _aSignal processing. | |
| 700 | 1 | _aDiniz, Paulo Sergio Ramirez, | |
| 942 |
_2ddc _cREF |
||
| 999 |
_c750096 _d750096 |
||